Sterbehilfe als Liebestod : Existenzielles Leiden in Literatur und Film der Gegenwart /

Wie soll mit dem Sterbewunsch betagter Paare umgegangen werden, die einander nicht überleben wollen - gerade wenn nur eine*r der beiden schwer erkrankt ist? Und soll der*die Hinterbliebene, der*die den Verlust des geliebten Menschen nicht erträgt, ihm durch Sterbehilfe in den Tod folgen dürfen? Dies...

وصف كامل

محفوظ في:

المؤلف الرئيسي: Keller, Marc (مؤلف)

التنسيق: كتاب الكتروني

اللغة: English
German

منشور في: Paderborn : Ferdinand Schöningh, Brill | Fink, 2025.

سلاسل: Schöningh and Fink Literature and Culture Studies E-Books Online, Collection 2025.

الموضوعات:

الوصول للمادة أونلاين: Login to view Source

الوسوم: إضافة وسم

لا توجد وسوم, كن أول من يضع وسما على هذه التسجيلة!

رقم الطلب: NA105

LEADER 03465nam a22004698i 4500
001 BRILL9783846769126
003 nllekb
005 20241111181532.0
006 m d
007 cr un uuuua
008 241024s2025 gw sb 001 0 eng d
020 |a 9783846769126  |q (electronic book) 
020 |z 9783770569120  |q (print) 
024 7 |a 10.30965/9783846769126  |2 DOI 
040 |a NL-LeKB  |c NL-LeKB  |e rda 
041 |a ger 
050 4 |a NA105 
072 7 |a DSBH  |2 bicssc 
072 7 |a LIT  |x 000000  |2 bisacsh 
082 0 4 |a 900  |2 23 
100 1 |a Keller, Marc,  |e author. 
245 1 0 |a Sterbehilfe als Liebestod :  |b Existenzielles Leiden in Literatur und Film der Gegenwart /  |c Marc Keller. 
246 3 |a Existenzielles Leiden in Literatur und Film der Gegenwart 
264 1 |a Paderborn :  |b Ferdinand Schöningh, Brill | Fink,  |c 2025. 
264 4 |c ©2025 
300 |a 1 online resource (440 pages) :  |b illustrations. 
336 |a text  |b txt  |2 rdacontent 
337 |a computer  |b c  |2 rdamedia 
338 |a online resource  |2 rdacarrier 
490 1 |a Schöningh and Fink Literature and Culture Studies E-Books Online, Collection 2025 
504 |a Includes bibliographical references and index. 
505 0 |t Front Matter -- Preliminary Material /  |r Marc Keller -- Kapitel 2 Sterbehilfe - Formen, Regelungen und zentrale Diskurselemente /  |r Marc Keller -- Kapitel 3 Der Liebestod: Geschichte eines mentalitätsprägenden Motivs /  |r Marc Keller -- Kapitel 4 Non à "une souffrance à venir"! Wie einst Philemon und Baucis /  |r Marc Keller -- Kapitel 5 Wie Pyramus und Thisbe oder Tristan und Isolde: Nachsterben aus Verlustschmerz /  |r Marc Keller -- Kapitel 6 Fazit /  |r Marc Keller -- Back Matter -- Literaturverzeichnis /  |r Marc Keller. 
520 |a Wie soll mit dem Sterbewunsch betagter Paare umgegangen werden, die einander nicht überleben wollen - gerade wenn nur eine*r der beiden schwer erkrankt ist? Und soll der*die Hinterbliebene, der*die den Verlust des geliebten Menschen nicht erträgt, ihm durch Sterbehilfe in den Tod folgen dürfen? Diese aktuellen gesellschaftspolitischen Fragen werden wiederholt auch von Literatur und Film aufgegriffen. Mehr noch: Sie lassen sich ohne literarischen Bezugshorizont nicht denken. Mit dem Liebestod haben unzählige Geschichten seit der Antike die affektiv meist positiv besetzte Vorstellung davon geschaffen, wie Liebende den Tod einem Leben ohne den*die andere*n vorziehen. Die Studie untersucht dreizehn literarische und filmische Werke der Gegenwart, die das Motiv im Kontext der Sterbehilfe aktualisieren. Sie fragt danach, in welcher Weise es erzählerisch fruchtbar gemacht wird. Wie wird der Verlust des*der Geliebten als Sterbemotiv greifbar? Wie wird dieses reflektiert, kommentiert, kritisiert oder affirmiert? Welche ethischen Perspektiven eröffnet das traditions- und facettenreiche Motiv im Sterbehilfediskurs des 21. Jahrhunderts? 
546 |a German 
588 |a Description based on print version record. 
650 0 |a Cultural History. 
650 0 |a Literature and Cultural Studies. 
776 0 8 |i Print version:  |t Sterbehilfe als Liebestod : Existenzielles Leiden in Literatur und Film der Gegenwart.  |d Paderborn : Ferdinand Schöningh, Brill | Fink, 2025.  |z 9783770569120 
830 0 |a Schöningh and Fink Literature and Culture Studies E-Books Online, Collection 2025. 
856 4 |z DOI:   |u http://dx.doi.org/10.30965/9783846769126 
942 |2 lcc  |c EBOOK 
999 |c 59899  |d 59899